HOW TO LIVE WELL WITH DIABETES : A Comprehensive Guide to Taking Control of Your Life with Diabetes

Bibliographic Details
Main Author: Val. Wilson Dr
Format: Book
Published: London : Robinson 2019
Subjects:

MARC

LEADER 00000cam a2200000 7i4500
001 0000278597
005 20210521115124.0
006 a# ###### ###
007 t
008 210521 xxk# ###
020 |a 9781472144058 
090 |a 362.196462   |b WIL 
100 0 |a Val. Wilson   |c Dr 
245 1 0 |a HOW TO LIVE WELL WITH DIABETES :   |b A Comprehensive Guide to Taking Control of Your Life with Diabetes   |c Dr Val Wilson 
264 1 |a London :   |b Robinson   |c 2019 
264 4 |c ©2019 
300 |a 308 pages ;   |c 24 cm. 
336 |a text  |2 rdacontent 
337 |a unmediated  |2 rdamedia 
338 |a volume  |2 rdacarrier 
650 0 |a Diabetes   |x Treatment   |x Popular works 
999 |a 00385782   |b BUKU   |c PINJAMAN   |e PERPUSTAKAAN KOMUNITI PETALING JAYA